[Event "Schachzentrum Fürth 2002 1-SG Büchenbach"]
[Site "?"]
[Date "2013.03.10"]
[Round "8.1"]
[White "Herning, Jens"]
[Black "Hepting, Heinrich"]
[Result "1/2-1/2"]
[WhiteElo "2123"]
[BlackElo "2140"]
[PlyCount "83"]
[EventDate "2013.??.??"]
[WhiteTeam "SG Büchenbach/Roth e.V. 1"]
[BlackTeam "Schachzentrum Fürth 2002 1"]

1. d4 d5 2. c4 Nc6 3. cxd5 Qxd5 4. e3 e5 5. Nc3 Bb4 6. Bd2 Bxc3 7. bxc3 Qd6 8.
Bd3 Nge7 9. Ne2 O-O 10. O-O Kh8 11. Rb1 f5 12. f3 Rb8 13. Qc2 Be6 14. Qb2 b5
15. e4 Bc4 16. Bxc4 bxc4 17. Qa1 f4 18. d5 Na5 19. Be1 Rxb1 20. Qxb1 Nc8 21.
Bf2 Nb6 22. Qb4 Nb7 23. Rb1 Qxb4 24. cxb4 Nd6 25. Nc3 a6 26. a4 Rb8 27. Kf1 g5
28. Ke2 Kg7 29. Kd2 Kf7 30. b5 a5 31. Ra1 g4 32. fxg4 Rg8 33. h3 h5 34. Ke2
hxg4 35. hxg4 Rxg4 36. Kf3 Rg6 37. Rh1 Kg7 38. g3 fxg3 39. Bxg3 Nd7 40. Rh5 Nf7
41. Bh4 Rg1 42. Ke3 1/2-1/2

[Event "Schachzentrum Fürth 2002 1-SG Büchenbach"]
[Site "?"]
[Date "2013.03.10"]
[Round "8.2"]
[White "Tesch, Wladimir"]
[Black "Hofer, Markus"]
[Result "0-1"]
[WhiteElo "1692"]
[BlackElo "2135"]
[PlyCount "64"]
[EventDate "2013.??.??"]
[WhiteTeam "Schachzentrum Fürth 2002 1"]
[BlackTeam "SG Büchenbach/Roth e.V. 1"]

1. c4 e6 2. Nc3 d5 3. e3 Nf6 4. a3 Be7 5. d4 O-O 6. c5 c6 7. b4 Nbd7 8. f4 g6
9. Be2 Ne8 10. Nf3 Ng7 11. O-O Qc7 12. Bd3 a5 13. Bb2 f5 14. Qd2 b6 15. Ne2 Ba6
16. Ne5 Bxd3 17. Qxd3 Rfb8 18. Qc3 bxc5 19. bxc5 Rb7 20. Rfb1 Rab8 21. Qc2 Ne8
22. Bc3 Nef6 23. a4 Bd8 24. Nc1 Nxe5 25. fxe5 Ng4 26. Bd2 Bg5 27. Rxb7 Qxb7 28.
Qd3 Qb2 29. Ra3 h5 30. h3 Nh6 31. Rb3 Rxb3 32. Qxb3 Qxd2 0-1

[Event "Schachzentrum Fürth 2002 1-SG Büchenbach"]
[Site "?"]
[Date "2013.03.10"]
[Round "8.4"]
[White "Engel, Waldemar"]
[Black "Vasilache, Catalin"]
[Result "0-1"]
[WhiteElo "1540"]
[BlackElo "1977"]
[PlyCount "60"]
[EventDate "2013.??.??"]
[WhiteTeam "Schachzentrum Fürth 2002 1"]
[BlackTeam "SG Büchenbach/Roth e.V. 1"]

1. Nf3 Nf6 2. g3 d5 3. b4 e6 4. a3 c5 5. bxc5 Bxc5 6. d4 Bd6 7. Bg2 O-O 8. O-O
Qc7 9. Bd2 Ne4 10. Be3 Nc6 11. Nfd2 Nxd2 12. Qxd2 Na5 13. c3 Nb3 14. Qa2 Nxa1
15. Qxa1 b6 16. f4 Ba6 17. Bf3 Rac8 18. Rc1 Bc4 19. Bf2 f6 20. Nd2 e5 21. e3 e4
22. Bg4 f5 23. Bd1 Qc6 24. Be1 Be7 25. Rb1 Bd3 26. Rb3 Rc7 27. a4 a5 28. Qa2
Rd8 29. Nb1 Bc4 30. Na3 Qxa4 0-1

[Event "Schachzentrum Fürth 2002 1-SG Büchenbach"]
[Site "?"]
[Date "2013.03.10"]
[Round "8.5"]
[White "Braun, Michael"]
[Black "Borodulin, Vladimir"]
[Result "1-0"]
[WhiteElo "1942"]
[BlackElo "1650"]
[PlyCount "57"]
[EventDate "2013.??.??"]
[WhiteTeam "SG Büchenbach/Roth e.V. 1"]
[BlackTeam "Schachzentrum Fürth 2002 1"]

1. e4 c5 2. Nf3 Nc6 3. d4 cxd4 4. Nxd4 g6 5. Be3 Bg7 6. c3 Nf6 7. Nd2 a6 8. Be2
O-O 9. O-O d5 10. Nxc6 bxc6 11. e5 Nd7 12. f4 e6 13. Nf3 Bh6 14. Bd3 Bb7 15.
Qe1 c5 16. Qg3 f5 17. exf6 Rxf6 18. Qh3 Bf8 19. Ng5 Qe7 20. Rae1 h6 21. Nf3 Re8
22. Ne5 Nxe5 23. fxe5 Rxf1+ 24. Rxf1 g5 25. Bg6 Rb8 26. Qh5 Qc7 27. Bf7+ Kh8
28. Bxg5 Qxe5 29. Bf6+ 1-0

[Event "Schachzentrum Fürth 2002 1-SG Büchenbach"]
[Site "?"]
[Date "2013.03.10"]
[Round "8.6"]
[White "Akopdjanian, Martin"]
[Black "Kuhlemann, Alexander"]
[Result "0-1"]
[WhiteElo "1625"]
[BlackElo "1906"]
[PlyCount "90"]
[EventDate "2013.??.??"]
[WhiteTeam "Schachzentrum Fürth 2002 1"]
[BlackTeam "SG Büchenbach/Roth e.V. 1"]

1. e4 d6 2. d4 Nf6 3. Nc3 g6 4. Nf3 Bg7 5. h3 O-O 6. Be3 c6 7. Bc4 b5 8. Bd3 b4
9. Ne2 Ba6 10. Bxa6 Nxa6 11. Ng3 Qb6 12. Qd2 c5 13. O-O Rfd8 14. c3 Rab8 15.
Bh6 Bh8 16. Qe2 Ne8 17. Rfd1 Nac7 18. Be3 Ne6 19. h4 Rdc8 20. Rab1 bxc3 21.
bxc3 Qxb1 22. Rxb1 Rxb1+ 23. Kh2 cxd4 24. cxd4 Rb4 25. Qa6 Rc7 26. Qa3 Rbc4 27.
e5 dxe5 28. dxe5 Nc5 29. Nd2 Rxh4+ 30. Kg1 Ra4 31. Qb2 Nd6 32. Nb3 Nc4 33. Qe2
Nd7 34. f4 Nxe3 35. Qxe3 Rxf4 36. Ne4 Nf6 37. Nxf6+ Bxf6 38. Qd2 Bh4 39. Kh2
Rf2 40. Qa5 Rcc2 41. Qd8+ Kg7 42. e6 Rxg2+ 43. Kh3 Rh2+ 44. Kg4 Rcf2 45. Qxe7
h5# 0-1

[Event "Schachzentrum Fürth 2002 1-SG Büchenbach"]
[Site "?"]
[Date "2013.03.10"]
[Round "8.7"]
[White "Adler, Herbert"]
[Black "Tschernischew, Boris"]
[Result "1-0"]
[WhiteElo "1923"]
[BlackElo "1455"]
[PlyCount "43"]
[EventDate "2013.??.??"]
[WhiteTeam "SG Büchenbach/Roth e.V. 1"]
[BlackTeam "Schachzentrum Fürth 2002 1"]

1. d4 Nf6 2. Nf3 d5 3. g3 Bf5 4. Bg2 h6 5. O-O e6 6. c4 c5 7. Qb3 dxc4 8. Qxb7
Be4 9. Qb5+ Nbd7 10. Qxc4 Bd5 11. Qa4 Bd6 12. dxc5 Bxc5 13. Nc3 O-O 14. Nxd5
exd5 15. Nd4 Ng4 16. e3 Ngf6 17. Bd2 Ne4 18. Rfd1 f5 19. Ne6 Qf6 20. Qxd7 Rf7
21. Qxd5 Bb6 22. Qxa8+ 1-0

[Event "SC Postbauer-Heng e.V. 1-SK Nürnberg 1911 e.V. 1"]
[Site "?"]
[Date "2013.03.10"]
[Round "8.1"]
[Board "1"]
[White "Stierhof, Michael"]
[Black "Bauer, Andreas"]
[Result "1/2-1/2"]
[WhiteElo "2140"]
[BlackElo "2085"]
[WhiteTeam "SK Nürnberg 1911 e.V. 1"]
[BlackTeam "SC Postbauer-Heng e.V. 1"]

1. Nf3 d5 2. c4 d4 3. g3 c5 4. b4 cxb4 5. a3 bxa3 6. Bxa3 Nc6 7. d3 e5 8. Bxf8
Kxf8 9. Bg2 Nf6 10. O-O g6 11. Nbd2 Kg7 12. Qa4 Re8 13. Ng5 h6 14. Nge4 Nd7 1/2-1/2

[Event "SC Postbauer-Heng e.V. 1-SK Nürnberg 1911 e.V. 1"]
[Site "?"]
[Date "2013.03.10"]
[Round "8.3"]
[Board "3"]
[White "Höwel, Karl-Adolf, Dr."]
[Black "Sippl, Martin"]
[Result "0-1"]
[WhiteElo "2019"]
[BlackElo "1989"]
[WhiteTeam "SK Nürnberg 1911 e.V. 1"]
[BlackTeam "SC Postbauer-Heng e.V. 1"]

1. d4 d6 2. e4 Nf6 3. Nc3 c6 4. Nf3 Qc7 5. h3 e5 6. Be3 Be7 7. a4 Nbd7 8. Bc4
h6 9. O-O Nf8 10. Qe2 g5 11. dxe5 dxe5 12. Kh2 Ne6 13. g3 g4 14. Nh4 Ng5 15.
hxg4 Nxg4+ 16. Kg2 Nxe3+ 17. fxe3 Bh3+ 18. Kh2 Bxf1 19. Rxf1 O-O-O 20. Bxf7 Qd7
21. Rf5 Nxf7 22. Rxf7 Qe6 23. Rxe7 Qxe7 24. Ng6 Qe6 25. Nxh8 Rxh8 26. Nd1 Rf8
27. Nf2 Kc7 28. b3 Qg6 29. Kg2 h5 30. Qd2 Qf6 31. Qe2 h4 32. Ng4 Qg6 33. gxh4
Qxe4+ 34. Kh3 Rf3+ 0-1

[Event "SC Postbauer-Heng e.V. 1-SK Nürnberg 1911 e.V. 1"]
[Site "?"]
[Date "2013.03.10"]
[Round "8.4"]
[Board "4"]
[White "Fischer, Erich"]
[Black "Pannek, Matthias"]
[Result "0-1"]
[WhiteElo "1979"]
[BlackElo "1957"]
[WhiteTeam "SC Postbauer-Heng e.V. 1"]
[BlackTeam "SK Nürnberg 1911 e.V. 1"]

1. d4 d5 2. Nf3 Nf6 3. e3 Bg4 4. c4 e6 5. Qb3 Bxf3 6. Qxb7 Bxg2 7. Qxa8 Bxh1 8.
c5 Be7 9. Bb5+ c6 10. Bxc6+ Nxc6 11. Qxc6+ Qd7 12. Qa6 Ne4 13. b4 O-O 14. Qf1
Bf3 15. Qh3 Ng5 16. Qg3 Qa4 17. Nc3 Qc2 18. Bd2 Ne4 19. Nxe4 dxe4 20. Qh3 Rb8
21. Qf1 Qb2 22. Rc1 Qxa2 23. c6 Qb3 24. Qa6 Bd6 25. h3 g6 26. Kf1 Qd3+ 27. Qxd3
exd3 28. b5 Bc7 29. Rc3 Rxb5 0-1

[Event "SC Postbauer-Heng e.V. 1-SK Nürnberg 1911 e.V. 1"]
[Site "?"]
[Date "2013.03.10"]
[Round "8.5"]
[Board "5"]
[White "Leising, Thomas"]
[Black "Grimm, Pascal"]
[Result "1/2-1/2"]
[WhiteElo "1948"]
[BlackElo "1898"]
[WhiteTeam "SK Nürnberg 1911 e.V. 1"]
[BlackTeam "SC Postbauer-Heng e.V. 1"]

1. e4 c5 2. Nf3 Nc6 3. d4 cxd4 4. Nxd4 g6 5. c4 Bg7 6. Be3 Nf6 7. Nc3 d6 8. Be2
O-O 9. O-O Bd7 10. Rc1 a5 11. Ndb5 Nb8 12. f3 Bc6 13. e5 Ne8 14. exd6 Nxd6 15.
Nxd6 exd6 16. Qd2 Re8 17. Rfe1 Nd7 18. Bf2 Nf6 19. Rcd1 Re6 20. b3 Qc7 21. Bg3
Rd8 22. c5 Bf8 23. Bc4 Rxe1+ 24. Rxe1 Nh5 25. Bxd6 Bxd6 26. cxd6 Rxd6 1/2-1/2

[Event "SC Postbauer-Heng e.V. 1-SK Nürnberg 1911 e.V. 1"]
[Site "?"]
[Date "2013.03.10"]
[Round "8.6"]
[Board "6"]
[White "Nägelein, Andreas"]
[Black "Weinmann, Stefan"]
[Result "1-0"]
[WhiteElo "1940"]
[BlackElo "1920"]
[WhiteTeam "SC Postbauer-Heng e.V. 1"]
[BlackTeam "SK Nürnberg 1911 e.V. 1"]

1. d4 Nf6 2. Nf3 g6 3. Bg5 Bg7 4. e3 d6 5. Bd3 Nbd7 6. O-O O-O 7. c3 c6 8. Nbd2
Qc7 9. Qc2 e5 10. Rfe1 Re8 11. Rad1 Nf8 12. h3 a5 13. Bxf6 Bxf6 14. dxe5 dxe5
15. a4 Ne6 16. Ne4 Bg7 17. Bc4 Qe7 18. Qb3 Rf8 19. Rd2 b5 20. axb5 cxb5 21.
Bxb5 Rb8 22. Qa4 Nc5 23. Nxc5 Qxc5 24. c4 Bb7 25. Qa3 Qb6 26. Rd6 Qc7 27. Rd7
Qc8 28. Qxa5 Bxf3 29. gxf3 e4 30. Red1 exf3 31. Qc7 Bxb2 32. Qf4 Qc5 33. R1d5
Qb4 34. Qxf3 Ra8 35. Rd1 Ra1 36. Rxa1 Bxa1 37. Qd5 Qe1+ 38. Kg2 Bf6 39. Bc6 Qc3
40. Rxf7 Rxf7 41. Be8 Kg7 42. Qxf7+ Kh6 43. Qd5 Qe5 44. Qxe5 Bxe5 45. Kf3 Kg5
46. Ke4 Kf6 47. Kd5 g5 48. Bh5 Bb8 49. Kc6 Ke7 50. Bg4 h6 51. Kd5 Bc7 52. e4
Bb8 53. e5 Bc7 54. Ke4 Bb6 55. f3 Bc5 56. Kd5 Ba7 57. c5 Bb8 58. e6 Bf4 59. c6
Bc7 60. Bh5 Bf4 61. Bf7 Bc7 62. Kc5 Bd8 63. Kc4 Kd6 64. Kb5 Kc7 65. Kc5 Be7+
66. Kd5 Bd8 67. Be8 Be7 68. Ke5 h5 69. Kf5 Kd6 70. Kg6 Bd8 71. Kf7 1-0

[Event "SC Postbauer-Heng e.V. 1-SK Nürnberg 1911 e.V. 1"]
[Site "?"]
[Date "2013.03.10"]
[Round "8.7"]
[Board "7"]
[White "Augustin, Achim"]
[Black "Hoffmann, Ayar"]
[Result "1/2-1/2"]
[WhiteElo "1869"]
[BlackElo "1839"]
[WhiteTeam "SK Nürnberg 1911 e.V. 1"]
[BlackTeam "SC Postbauer-Heng e.V. 1"]

1. d4 d5 2. Bg5 Nf6 3. Bxf6 exf6 4. e3 c6 5. Bd3 f5 6. Qf3 g6 7. Nd2 Bg7 8. Ne2
Be6 9. h4 Qb6 10. O-O-O Nd7 11. h5 c5 12. c3 c4 13. Bc2 O-O-O 1/2-1/2

[Event "SC Postbauer-Heng e.V. 1-SK Nürnberg 1911 e.V. 1"]
[Site "?"]
[Date "2013.03.10"]
[Round "8.8"]
[Board "8"]
[White "Ceglar, Michael"]
[Black "Hennig, Andreas"]
[Result "1-0"]
[WhiteElo "1873"]
[BlackElo "1755"]
[WhiteTeam "SC Postbauer-Heng e.V. 1"]
[BlackTeam "SK Nürnberg 1911 e.V. 1"]

1. e4 e6 2. d4 d5 3. exd5 exd5 4. Nf3 Nf6 5. Bd3 g6 6. O-O Nc6 7. Re1+ Be6 8.
c3 Qd7 9. Bg5 Bg7 10. Bb5 Ne4 11. Nbd2 O-O 12. Nxe4 dxe4 13. Rxe4 Bd5 14. Rh4
f6 15. Bh6 g5 16. Bxg7 Kxg7 17. Rh3 g4 18. Rg3 h5 19. h3 Rh8 20. Qd2 Rag8 21.
Qf4 Qd6 22. Qxd6 cxd6 23. Nh4 Ne7 24. Re1 Kf7 25. Bd3 Bc6 26. Rxe7+ Kxe7 27.
Ng6+ Rxg6 28. Bxg6 Bd7 29. Re3+ Kf8 30. Be4 b6 31. hxg4 hxg4 32. Bd5 Rh7 33.
Be6 Re7 34. Bxd7 Rxd7 35. Kh2 Re7 36. Rxe7 Kxe7 37. Kg3 f5 38. Kf4 Kf6 39. d5
Kg6 40. a4 Kf6 41. b4 Kg6 42. Ke3 Kf6 43. Kd4 Ke7 44. c4 Kd7 45. c5 dxc5+ 46.
bxc5 bxc5+ 47. Kxc5 f4 48. f3 gxf3 49. gxf3 Kc7 50. Kd4 Kd6 51. Ke4 a5 52. Kd4
Kd7 53. Ke5 Ke7 54. Kxf4 1-0

[Event "SC Erlangen 48/88 e.V. 2-SF Fürth 1951 e"]
[Site "?"]
[Date "2013.03.10"]
[Round "8.1"]
[White "Wittmann, Karl"]
[Black "Walter, Thomas"]
[Result "1/2-1/2"]
[WhiteElo "2025"]
[BlackElo "2017"]
[PlyCount "42"]
[EventDate "2013.??.??"]
[WhiteTeam "SF Fürth 1951 e.V. 1"]
[BlackTeam "SC Erlangen 48/88 e.V. 2"]

1. e4 e6 2. d4 d5 3. Nc3 Be7 4. Bd3 dxe4 5. Nxe4 Nf6 6. Nf3 Nbd7 7. c3 Nxe4 8.
Bxe4 Nf6 9. Bc2 O-O 10. O-O b6 11. Re1 Bb7 12. Bf4 c5 13. Be5 cxd4 14. Bxd4 Qc7
15. Ne5 Rfd8 16. Qe2 Bc5 17. Bxc5 Qxc5 18. Rad1 Qc7 19. h3 Rxd1 20. Rxd1 Rd8
21. Rxd8+ Qxd8 1/2-1/2

[Event "SC Erlangen 48/88 e.V. 2-SF Fürth 1951 e"]
[Site "?"]
[Date "2013.03.10"]
[Round "8.2"]
[White "Götz, Andreas"]
[Black "Kuehn, Daniel"]
[Result "1/2-1/2"]
[WhiteElo "2030"]
[BlackElo "2058"]
[PlyCount "77"]
[EventDate "2013.??.??"]
[WhiteTeam "SC Erlangen 48/88 e.V. 2"]
[BlackTeam "SF Fürth 1951 e.V. 1"]

1. c4 e5 2. g3 Nf6 3. Bg2 Be7 4. Nc3 O-O 5. Nf3 Nc6 6. O-O d6 7. d3 Nd4 8. b4
Nxf3+ 9. Bxf3 d5 10. Nxd5 Nxd5 11. Bxd5 c6 12. Bg2 Bxb4 13. Qb3 Bc5 14. Ba3
Bxa3 15. Qxa3 Bg4 16. Qb2 Qc7 17. Rab1 Rab8 18. Qd2 Rfe8 19. Rb2 f5 20. Qg5 h6
21. Qe3 b6 22. a4 Bh5 23. h4 Bg6 24. Qf3 e4 25. dxe4 Rxe4 26. h5 Bf7 27. Qxf5
Re5 28. Qf3 Bxh5 29. Qxc6 Qxc6 30. Bxc6 Rxe2 31. Bd5+ Kf8 32. Rxe2 Bxe2 33. Re1
Re8 34. a5 Bd3 35. Rd1 Be4 36. axb6 axb6 37. Rd4 Bxd5 38. Rxd5 Re4 39. Rd6
1/2-1/2

[Event "SC Erlangen 48/88 e.V. 2-SF Fürth 1951 e"]
[Site "?"]
[Date "2013.03.10"]
[Round "8.3"]
[White "Pasedag, Peter"]
[Black "Nehls, Benedikt"]
[Result "1/2-1/2"]
[WhiteElo "2098"]
[BlackElo "2007"]
[PlyCount "76"]
[EventDate "2013.??.??"]
[WhiteTeam "SF Fürth 1951 e.V. 1"]
[BlackTeam "SC Erlangen 48/88 e.V. 2"]

1. d4 Nf6 2. Nf3 e6 3. e3 d5 4. Bd3 Be7 5. O-O O-O 6. Nbd2 c5 7. c3 b6 8. Qe2
Bb7 9. e4 dxe4 10. Nxe4 Nbd7 11. Bg5 Bxe4 12. Bxe4 Nxe4 13. Bxe7 Nxc3 14. bxc3
Qxe7 15. d5 Rfe8 16. dxe6 Qxe6 17. Qc2 Ne5 18. Nxe5 Qxe5 19. Rad1 Rad8 20. Rd3
Rxd3 21. Qxd3 g6 22. h3 Kg7 23. a4 Qe4 24. Qd7 Re7 25. Qd8 Re8 26. Qd7 Qe7 27.
Qb5 Rd8 28. a5 Qd7 29. Qa6 b5 30. f4 f5 31. Rb1 Rb8 32. Kh2 b4 33. Qc4 Qd6 34.
cxb4 Rxb4 35. Rxb4 cxb4 36. Kh1 Qd1+ 37. Kh2 b3 38. Qe6 Qc2 1/2-1/2

[Event "SC Erlangen 48/88 e.V. 2-SF Fürth 1951 e"]
[Site "?"]
[Date "2013.03.10"]
[Round "8.4"]
[White "Petzold, Vinzenz"]
[Black "Schöller, Wolfgang"]
[Result "1/2-1/2"]
[WhiteElo "1994"]
[BlackElo "1999"]
[PlyCount "80"]
[EventDate "2013.??.??"]
[WhiteTeam "SC Erlangen 48/88 e.V. 2"]
[BlackTeam "SF Fürth 1951 e.V. 1"]

1. d4 d5 2. c4 c6 3. Nf3 Nf6 4. Nc3 dxc4 5. a4 Bf5 6. Ne5 Nbd7 7. Nxc4 Qc7 8.
g3 e5 9. dxe5 Nxe5 10. Bf4 Rd8 11. Qc1 Bd6 12. Nxd6+ Qxd6 13. Bg2 O-O 14. O-O
Nfd7 15. a5 a6 16. Rd1 Qe6 17. Na4 Rfe8 18. Qc3 Ng6 19. Be3 Be4 20. Bxe4 Qxe4
21. Rd4 Qe7 22. Rad1 Nf6 23. Rxd8 Rxd8 24. Rxd8+ Qxd8 25. Qd2 Qxd2 26. Bxd2 Nd7
27. f4 Ne7 28. Kf2 f5 29. Ke3 Kf7 30. Kd4 Ke6 31. h3 g6 32. Bb4 Nd5 33. Be1
N5f6 34. Kc4 Ne4 35. Kd4 h5 36. Kc4 Nd6+ 37. Kd4 Nb5+ 38. Kc4 Nd6+ 39. Kd4 Ne4
40. Kc4 Nd6+ 1/2-1/2

[Event "SC Erlangen 48/88 e.V. 2-SF Fürth 1951 e"]
[Site "?"]
[Date "2013.03.10"]
[Round "8.5"]
[White "Thiele, Heinz"]
[Black "Brumm, Carsten"]
[Result "1/2-1/2"]
[WhiteElo "1990"]
[BlackElo "2119"]
[PlyCount "33"]
[EventDate "2013.??.??"]
[WhiteTeam "SF Fürth 1951 e.V. 1"]
[BlackTeam "SC Erlangen 48/88 e.V. 2"]

1. Nf3 c5 2. c4 Nc6 3. Nc3 g6 4. g3 Bg7 5. Bg2 e5 6. O-O Nge7 7. Ne1 O-O 8. Nc2
Rb8 9. Rb1 a5 10. Ne3 d6 11. d3 Be6 12. Ned5 h6 13. a3 Kh7 14. Bd2 f5 15. b4
axb4 16. axb4 f4 17. Nxe7 1/2-1/2

[Event "SC Erlangen 48/88 e.V. 2-SF Fürth 1951 e"]
[Site "?"]
[Date "2013.03.10"]
[Round "8.6"]
[White "Adelhütte, Dennis"]
[Black "Kirbach, Thomas"]
[Result "0-1"]
[WhiteElo "1925"]
[BlackElo "1936"]
[PlyCount "76"]
[EventDate "2013.??.??"]
[WhiteTeam "SC Erlangen 48/88 e.V. 2"]
[BlackTeam "SF Fürth 1951 e.V. 1"]

1. e4 d6 2. d4 Nf6 3. Nc3 g6 4. Be3 Bg7 5. Qd2 c6 6. a4 Nbd7 7. Nf3 Qc7 8. Be2
e5 9. d5 cxd5 10. exd5 O-O 11. Nb5 Qb8 12. O-O-O a6 13. Na3 Ng4 14. h3 Nxe3 15.
Qxe3 Nc5 16. a5 b6 17. b4 Na4 18. Qb3 Bd7 19. Nd2 Rc8 20. Nac4 b5 21. Nb2 Bf5
22. c4 Nxb2 23. Kxb2 Qa7 24. Rhf1 Rab8 25. g4 Bd7 26. Ne4 bxc4 27. Bxc4 Rxb4
28. Qxb4 Rb8 29. Qxb8+ Qxb8+ 30. Kc3 f5 31. gxf5 gxf5 32. Rb1 Qc7 33. Nd2 Qxa5+
34. Kd3 e4+ 35. Ke2 Bh6 36. Nb3 Qc3 37. Bxa6 Qc2+ 38. Ke1 Qxb1+ 0-1

[Event "SC Erlangen 48/88 e.V. 2-SF Fürth 1951 e"]
[Site "?"]
[Date "2013.03.10"]
[Round "8.7"]
[White "Dittmar, Thomas"]
[Black "Weiß, Markus"]
[Result "1/2-1/2"]
[WhiteElo "1795"]
[BlackElo "1864"]
[PlyCount "86"]
[EventDate "2013.??.??"]
[WhiteTeam "SF Fürth 1951 e.V. 1"]
[BlackTeam "SC Erlangen 48/88 e.V. 2"]

1. d4 Nf6 2. Nf3 g6 3. c4 Bg7 4. Nc3 O-O 5. e4 d6 6. Be2 e5 7. d5 Nbd7 8. Bg5
a5 9. Nd2 Nc5 10. b3 h6 11. Be3 Nfd7 12. a3 Nxe4 13. Ndxe4 f5 14. Qc1 fxe4 15.
Bxh6 Qh4 16. Be3 Nc5 17. Bxc5 dxc5 18. O-O Bh6 19. Qc2 Bf5 20. g3 Qh3 21. Nxe4
Kf7 22. Bd3 Rh8 23. f4 exf4 24. gxf4 Qe3+ 25. Kh1 Bg4 26. Nd2 Bxf4 27. Rxf4+
Qxf4 28. Rf1 Rxh2+ 29. Kg1 Bf3 30. Rxf3 Qxf3 31. Nxf3 Rxc2 32. Bxc2 Kf6 33. Kf2
Rh8 34. Bd3 b6 35. Kg3 Re8 36. Kf4 Re7 37. Nd2 g5+ 38. Kf3 Ke5 39. Ke3 g4 40.
Ne4 Kf5 41. Bc2 Re8 42. Bd3 Re7 43. Bc2 Re8 1/2-1/2

[Event "SC Erlangen 48/88 e.V. 2-SF Fürth 1951 e"]
[Site "?"]
[Date "2013.03.10"]
[Round "8.8"]
[White "Albrecht, Thorsten"]
[Black "Nickmann, Peter"]
[Result "0-1"]
[WhiteElo "1873"]
[BlackElo "1821"]
[PlyCount "60"]
[EventDate "2013.??.??"]
[WhiteTeam "SC Erlangen 48/88 e.V. 2"]
[BlackTeam "SF Fürth 1951 e.V. 1"]

1. d4 d5 2. c4 e6 3. Nc3 Nf6 4. Nf3 Bb4 5. Qa4+ Nc6 6. e3 Bd7 7. Qc2 dxc4 8.
Bxc4 Nd5 9. O-O Bxc3 10. bxc3 h6 11. Ba3 Nce7 12. Bd3 O-O 13. c4 Nb6 14. Ne5
Ba4 15. Qc3 Nd7 16. Nf3 Bc6 17. e4 b6 18. d5 Bb7 19. Bb2 Nf6 20. Rad1 Kh8 21.
Bb1 exd5 22. exd5 Bc8 23. Ba3 Ne8 24. Rfe1 Nd6 25. Nd4 Bg4 26. f3 Bh5 27. Re2
Bg6 28. Bxg6 Nxg6 29. Nc6 Nf4 30. Re7 Qxe7 0-1

[Event "SC Noris-Tarrasch N 1873 e.V. 3-SW Nürnb"]
[Site "?"]
[Date "2013.03.10"]
[Round "8.1"]
[White "Eiber, Manfred"]
[Black "Martin, Thomas"]
[Result "1/2-1/2"]
[WhiteElo "2093"]
[BlackElo "2205"]
[PlyCount "28"]
[EventDate "2013.??.??"]
[WhiteTeam "SW Nürnberg Süd e.V. 2"]
[BlackTeam "SC Noris-Tarrasch N 1873 e.V. 3"]

1. d4 e6 2. Nf3 Nf6 3. c3 b6 4. Bg5 Be7 5. Nbd2 d5 6. e3 O-O 7. Bd3 Bb7 8. Qc2
Ba6 9. Bxa6 Nxa6 10. Ne5 Qe8 11. O-O c5 12. f4 Nd7 13. Bxe7 Qxe7 14. Rf3 f5
1/2-1/2

[Event "SC Noris-Tarrasch N 1873 e.V. 3-SW Nürnb"]
[Site "?"]
[Date "2013.03.10"]
[Round "8.2"]
[White "Wulfmeyer, Johannes"]
[Black "Redzepovic, Irfan"]
[Result "1-0"]
[WhiteElo "2116"]
[BlackElo "2094"]
[PlyCount "89"]
[EventDate "2013.??.??"]
[WhiteTeam "SC Noris-Tarrasch N 1873 e.V. 3"]
[BlackTeam "SW Nürnberg Süd e.V. 2"]

1. c4 Nf6 2. Nc3 e5 3. g3 d5 4. cxd5 Nxd5 5. Bg2 Nb6 6. Nf3 Nc6 7. a3 Be7 8.
O-O O-O 9. b4 a5 10. b5 Nd4 11. d3 a4 12. Bb2 f6 13. e3 Nb3 14. Rb1 Be6 15. d4
exd4 16. Nxd4 Nxd4 17. Qxd4 Qxd4 18. exd4 Rab8 19. Ne4 Nc4 20. Nc5 Bxc5 21.
dxc5 c6 22. Bc1 Ne5 23. bxc6 bxc6 24. Bf4 Rxb1 25. Rxb1 Bd5 26. Bxd5+ cxd5 27.
Rb4 Rc8 28. Be3 Ra8 29. Kg2 Nc4 30. Bc1 Kf7 31. Rb7+ Ke6 32. Kf3 Rc8 33. Rb5 f5
34. h4 d4 35. Ke2 Rc6 36. Bf4 Nxa3 37. Ra5 Nb1 38. Kd3 Nc3 39. Kxd4 Ne2+ 40.
Kc4 h6 41. Rxa4 Ng1 42. Rb4 g5 43. hxg5 hxg5 44. Bxg5 Kd7 45. Rb7+ 1-0

[Event "SC Noris-Tarrasch N 1873 e.V. 3-SW Nürnb"]
[Site "?"]
[Date "2013.03.10"]
[Round "8.3"]
[White "Erlbeck, Peter"]
[Black "Seeger, Peter"]
[Result "1-0"]
[WhiteElo "2051"]
[BlackElo "2018"]
[PlyCount "43"]
[EventDate "2013.??.??"]
[WhiteTeam "SW Nürnberg Süd e.V. 2"]
[BlackTeam "SC Noris-Tarrasch N 1873 e.V. 3"]

1. e4 c5 2. Nc3 d6 3. f4 Nc6 4. Nf3 g6 5. Bc4 Bg7 6. O-O Nf6 7. d3 O-O 8. Qe1
Nd4 9. Nxd4 cxd4 10. Ne2 d5 11. exd5 Nxd5 12. Ng3 Nb6 13. Bb3 Bd7 14. f5 Bc6
15. fxg6 hxg6 16. Ne4 Nd5 17. Qh4 f6 18. Bh6 Qe8 19. Rf3 g5 20. Nxg5 fxg5 21.
Qxg5 Rf7 22. Raf1 1-0

[Event "SC Noris-Tarrasch N 1873 e.V. 3-SW Nürnb"]
[Site "?"]
[Date "2013.03.10"]
[Round "8.4"]
[White "Karasek, Christian"]
[Black "Bolten, Daniel"]
[Result "0-1"]
[WhiteElo "2002"]
[BlackElo "1998"]
[PlyCount "122"]
[EventDate "2013.??.??"]
[WhiteTeam "SC Noris-Tarrasch N 1873 e.V. 3"]
[BlackTeam "SW Nürnberg Süd e.V. 2"]

1. e4 e6 2. d4 d5 3. Nd2 a6 4. Ngf3 Nf6 5. e5 Nfd7 6. Bd3 c5 7. c3 Nc6 8. O-O
g5 9. dxc5 g4 10. Nd4 Ndxe5 11. N2b3 Nxd3 12. Qxd3 e5 13. Re1 Bg7 14. Nf5 Bxf5
15. Qxf5 Qd7 16. Qg5 O-O 17. Qh5 Qe6 18. Be3 Qg6 19. Qxg6 hxg6 20. Rad1 Rad8
21. Rd2 Rd7 22. Red1 Rfd8 23. Bg5 f6 24. Be3 Kf7 25. f3 gxf3 26. gxf3 g5 27.
Nc1 Ne7 28. b4 Nf5 29. Bf2 Bh6 30. Rd3 Ke6 31. Nb3 Ne7 32. c6 bxc6 33. Nc5+ Kf7
34. Nxd7 Rxd7 35. a4 Rb7 36. Bc5 Ng6 37. Be3 f5 38. Rb1 Ke6 39. Kf2 Nh4 40. Rg1
Nxf3 41. Kxf3 e4+ 42. Kf2 exd3 43. Bxg5 Bxg5 44. Rxg5 Kf6 45. Rg3 a5 46. Rxd3
axb4 47. cxb4 Rxb4 48. Ra3 Rb6 49. a5 Ra6 50. Ke3 Ke5 51. h4 c5 52. Ra4 c4 53.
h5 d4+ 54. Kd2 Ke4 55. Rxc4 Rxa5 56. Rc8 Ra2+ 57. Ke1 Rh2 58. Rh8 Ke3 59. Re8+
Kf4 60. Rd8 Rxh5 61. Rxd4+ Ke3 0-1

[Event "SC Noris-Tarrasch N 1873 e.V. 3-SW Nürnb"]
[Site "?"]
[Date "2013.03.10"]
[Round "8.5"]
[White "Just, Hannes"]
[Black "Reiser, Wolfgang"]
[Result "1-0"]
[WhiteElo "2047"]
[BlackElo "2000"]
[PlyCount "69"]
[EventDate "2013.??.??"]
[WhiteTeam "SW Nürnberg Süd e.V. 2"]
[BlackTeam "SC Noris-Tarrasch N 1873 e.V. 3"]

1. d4 Nf6 2. Nf3 e6 3. g3 Be7 4. Bg2 O-O 5. O-O d5 6. c4 Nbd7 7. Qc2 c6 8. b3
b6 9. Bb2 Ba6 10. Nbd2 Rc8 11. e4 Nxe4 12. Nxe4 dxe4 13. Qxe4 Qc7 14. Rfe1 Bb7
15. Rad1 Bf6 16. Bc1 c5 17. d5 exd5 18. cxd5 b5 19. Bf4 Qb6 20. a4 c4 21. Qf5
Nc5 22. bxc4 bxc4 23. Ng5 Bxg5 24. Bxg5 Rfe8 25. Rxe8+ Rxe8 26. Be3 Qd6 27. Qb1
Nb3 28. Bxa7 Qa6 29. Be3 Qxa4 30. h4 Qd7 31. Qc2 Ba6 32. Kh2 Qa4 33. d6 Nc5 34.
Qxa4 Nxa4 35. Bc6 1-0

[Event "SC Noris-Tarrasch N 1873 e.V. 3-SW Nürnb"]
[Site "?"]
[Date "2013.03.10"]
[Round "8.6"]
[White "Krauß, Hermann"]
[Black "Konsek, Peter"]
[Result "0-1"]
[WhiteElo "1987"]
[BlackElo "1928"]
[PlyCount "50"]
[EventDate "2013.??.??"]
[WhiteTeam "SC Noris-Tarrasch N 1873 e.V. 3"]
[BlackTeam "SW Nürnberg Süd e.V. 2"]

1. Nf3 Nf6 2. c4 g6 3. b3 Bg7 4. Bb2 O-O 5. g3 d6 6. d4 c5 7. Bg2 a6 8. O-O
cxd4 9. Nxd4 h5 10. Nc3 h4 11. Qd2 hxg3 12. hxg3 Qa5 13. Rfd1 Qh5 14. Nd5 Nxd5
15. cxd5 Nd7 16. Bf3 Qh3 17. Bg2 Qh8 18. f3 Bh6 19. e3 Nf6 20. Kf2 Nxd5 21. Nf5
Bxf5 22. f4 Nf6 23. Rh1 e5 24. Rh4 Rac8 25. e4 Bxe4 0-1